00884pam a2200265 i 45000010005000000030008000050050017000130080039000300200015000690350018000840400038001020410008001400820025001481000025001732450044001982600043002423000026002855000059003115000020003705040025003906500036004159420012004519990015004639520140004786551BD-RjUL20211208234250.014 t1963 nyu b 00110 eng a0828402930 a(BD-RjUL)6592 aDLCcDLCdm.c.dBOSdBD-RjULbeng aeng04216a512.81bWEA 19631 aWeiss, Edwin.92061910aAlgebraic number theory /cEdwin Weiss. aNew York :bChelsea Pub. Co.,c c1963. axii, 275 p. ;c24 cm. aReprint of the ed. published by McGraw-Hill, New York. aIncludes index. aBibliography: p. ix. 0aAlgebraic number theory.920620 2ddccBK c6551d6551 00102ddc40718NFICaRUCLbRUCLcreadingd1965-04-16eZeitlingerg77.00l0o512.81 WEA 1963r2014-01-11 00:00:00tC-1w2014-01-11yBK